Ľudová banka otvorila v našom meste druhú pobočku

Bibliographic Details
Main Author: (em) (Author)
Corporate Author: Ľudová banka, Košice (Author)
Format: Article
Language:Slovak
PhysicalDescription:1 foto
ISSN:1335-4566
Subjects:

MARC

LEADER 00000nab a2200000 a 4500
001 vtls000930211
003 SK-MaSNL
005 20260303033223.0
008 040720e20021018xo 0 slo
035 |a KE39088 
040 |a KEVKJB  |b slo  |c KEVKJB  |e AACR2 
041 0 |a slo 
044 |a xo  |c SK 
080 |a 336.71  |2 1981 
100 0 |a (em)  |4 aut  |9 872685 
245 1 0 |a Ľudová banka otvorila v našom meste druhú pobočku 
300 |b 1 foto 
610 2 7 |a Ľudová banka (Košice, Slovensko)  |2 KEVKJB  |9 94732 
610 2 7 |a Banka Bohémia  |2 KEVKJB  |9 873613 
650 0 7 |a finančníctvo  |2 KEVKJB  |9 667 
650 0 7 |a banky  |2 KEVKJB  |9 2103 
650 0 7 |a pobočky  |2 KEVKJB  |9 881371 
651 7 |a Košice (Slovensko)  |2 KEVKJB  |9 18694 
651 7 |a KE,  |2 KEVKJB  |9 877256 
655 7 |a periodikum  |2 snkbucl  |9 29553 
710 2 |a Ľudová banka, Košice  |4 aut  |9 878131 
773 0 8 |t Košický denník Korzár  |g Roč. 5, č.243, 18.10.2002, s. 3  |x 1335-4566 
852 |a ZVYKNI  |b KIS3GCP 
999 |c 1669084  |d 1671014